<?xml version="1.0" encoding="UTF-8"?>
<record
    xmlns:xsi="http://www.w3.org/2001/XMLSchema-instance"
    xsi:schemaLocation="http://www.loc.gov/MARC21/slim http://www.loc.gov/standards/marcxml/schema/MARC21slim.xsd"
    xmlns="http://www.loc.gov/MARC21/slim">

  <leader>01134nam a22002657a 4500</leader>
  <controlfield tag="003">DO-SdBNP</controlfield>
  <controlfield tag="005">20221114111231.0</controlfield>
  <controlfield tag="007">ta</controlfield>
  <controlfield tag="008">110301s2014    dr  co        000 0 spa d</controlfield>
  <datafield tag="040" ind1=" " ind2=" ">
    <subfield code="a">DO-SdBNP</subfield>
    <subfield code="b">spa</subfield>
    <subfield code="c">BNPHU</subfield>
  </datafield>
  <datafield tag="082" ind1=" " ind2="4">
    <subfield code="a">xxxx</subfield>
    <subfield code="b">V944</subfield>
  </datafield>
  <datafield tag="100" ind1="1" ind2=" ">
    <subfield code="a">Volz, Mandy</subfield>
    <subfield code="9">53018</subfield>
  </datafield>
  <datafield tag="245" ind1="1" ind2="4">
    <subfield code="a">Una retrospectiva :</subfield>
    <subfield code="b">esculturas, pinturas, dibujos /</subfield>
    <subfield code="c">Mandy Volz ; textos Line Marie Le&#xF3;n Pernet, Marianne de Tolentino ; fotograf&#xED;as Mariano Hern&#xE1;ndez</subfield>
  </datafield>
  <datafield tag="260" ind1=" " ind2=" ">
    <subfield code="a">Santo Domingo :</subfield>
    <subfield code="b">Punto Visual,</subfield>
    <subfield code="c">2014.</subfield>
  </datafield>
  <datafield tag="300" ind1=" " ind2=" ">
    <subfield code="a">57 p. :</subfield>
    <subfield code="b">il., retr., fot.</subfield>
    <subfield code="c">28 cm.</subfield>
  </datafield>
  <datafield tag="500" ind1=" " ind2=" ">
    <subfield code="a">Incluye datos biogr&#xE1;ficos del autor en la pagina 57.  </subfield>
  </datafield>
  <datafield tag="500" ind1=" " ind2=" ">
    <subfield code="a">Del 8 de abril al 29 de mayo, 214 galer&#xED;a Nacional de Bellas Artes, Palacio de Bellas Artes. </subfield>
  </datafield>
  <datafield tag="500" ind1=" " ind2=" ">
    <subfield code="a">Auspicios de: Embajada de Suiza en la Rep&#xFA;blica Dominicana. Ministerio de Cultura de la Rep&#xFA;blica Dominicana. Direcci&#xF3;n General de Bellas Artes. </subfield>
  </datafield>
  <datafield tag="590" ind1=" " ind2=" ">
    <subfield code="a">Inventariado, 2022/ YL</subfield>
  </datafield>
  <datafield tag="700" ind1="1" ind2="2">
    <subfield code="a">Le&#xF3;n Pernet, Line Marie</subfield>
    <subfield code="e">tex.</subfield>
    <subfield code="9">82814</subfield>
  </datafield>
  <datafield tag="700" ind1="1" ind2="2">
    <subfield code="a">Tolentino, Marianne de</subfield>
    <subfield code="e">tex.</subfield>
    <subfield code="9">15222</subfield>
  </datafield>
  <datafield tag="700" ind1="1" ind2="2">
    <subfield code="a">Hern&#xE1;ndez, Mariano</subfield>
    <subfield code="e">fot.</subfield>
  </datafield>
  <datafield tag="910" ind1=" " ind2=" ">
    <subfield code="a">YLockward</subfield>
  </datafield>
  <datafield tag="942" ind1=" " ind2=" ">
    <subfield code="2">ddc</subfield>
    <subfield code="c">LBS1</subfield>
  </datafield>
  <datafield tag="952" ind1=" " ind2=" ">
    <subfield code="0">0</subfield>
    <subfield code="1">0</subfield>
    <subfield code="2">ddc</subfield>
    <subfield code="5">1</subfield>
    <subfield code="7">0</subfield>
    <subfield code="8">PD</subfield>
    <subfield code="a">BNPHU</subfield>
    <subfield code="b">BNPHU</subfield>
    <subfield code="c">CT</subfield>
    <subfield code="d">2018-06-19</subfield>
    <subfield code="e">Galer&#xED;a  Nacional  de Bellas Artes</subfield>
    <subfield code="l">0</subfield>
    <subfield code="o">xxxx V944</subfield>
    <subfield code="p">2022-5287</subfield>
    <subfield code="r">2022-11-14</subfield>
    <subfield code="w">2022-11-14</subfield>
    <subfield code="y">LBS1</subfield>
  </datafield>
  <datafield tag="952" ind1=" " ind2=" ">
    <subfield code="0">0</subfield>
    <subfield code="1">0</subfield>
    <subfield code="2">ddc</subfield>
    <subfield code="5">1</subfield>
    <subfield code="7">0</subfield>
    <subfield code="8">PD</subfield>
    <subfield code="a">BNPHU</subfield>
    <subfield code="b">BNPHU</subfield>
    <subfield code="c">CT</subfield>
    <subfield code="d">2018-06-19</subfield>
    <subfield code="e">Galer&#xED;a  Nacional  de Bellas Artes</subfield>
    <subfield code="l">0</subfield>
    <subfield code="o">xxxx V944</subfield>
    <subfield code="p">2022-5288</subfield>
    <subfield code="r">2022-11-14</subfield>
    <subfield code="t">e. 2</subfield>
    <subfield code="w">2022-11-14</subfield>
    <subfield code="y">LBS1</subfield>
  </datafield>
  <datafield tag="952" ind1=" " ind2=" ">
    <subfield code="0">0</subfield>
    <subfield code="1">0</subfield>
    <subfield code="2">ddc</subfield>
    <subfield code="5">6</subfield>
    <subfield code="7">0</subfield>
    <subfield code="8">DS</subfield>
    <subfield code="a">BNPHU</subfield>
    <subfield code="b">BNPHU</subfield>
    <subfield code="c">CT</subfield>
    <subfield code="d">2018-06-19</subfield>
    <subfield code="e">Galer&#xED;a  Nacional  de Bellas Artes</subfield>
    <subfield code="l">0</subfield>
    <subfield code="o">xxxx V944</subfield>
    <subfield code="p">2022-5289</subfield>
    <subfield code="r">2022-11-14</subfield>
    <subfield code="t">e. 3</subfield>
    <subfield code="w">2022-11-14</subfield>
    <subfield code="y">LBS1</subfield>
  </datafield>
  <datafield tag="999" ind1=" " ind2=" ">
    <subfield code="c">52908</subfield>
    <subfield code="d">52908</subfield>
  </datafield>
</record>
